Cálculo: para ciencias sociales y administrativas

Salvato in:
Dettagli Bibliografici
Autore principale: Hoffmann, Laurence D (Autore)
Natura: Libro
Lingua:spagnolo
Pubblicazione: Ciudad de México McGraw-Hill 1976
Soggetti:
Tags: Aggiungi Tag
Nessun Tag, puoi essere il primo ad aggiungerne!!

MARC

LEADER 00000nam a2200000 a 4500
001 UCW1610
003 CL-VaPUC
008 920817e19760000MX |||||||||||||||||spa|d
082 0 4 |a 515.076  |b HOF  |2 21 
100 |a Hoffmann, Laurence D  |e author  |9 602167 
245 1 0 |a Cálculo: para ciencias sociales y administrativas 
300 |a 394 p 
942 |c BK 
945 |d 19920817 00:00:00 
260 |a Ciudad de México  |b McGraw-Hill  |c 1976 
650 0 |a Cálculo  |v Problemas, ejercicios, etc  |9 270512 
583 |a last modification  |c 19920817 00:00:00  |k Rodrigo Vera 
999 |c 216480  |d 216478 
952 |0 0  |1 0  |4 0  |6 515_076000000000000_HOF_1976  |7 0  |8 A  |9 202216  |a BIBMAT  |b BIBMAT  |d 2019-11-14  |i 2693356  |o 515.076 HOF 1976  |p 2693356  |r 2025-01-07  |w 2019-11-14  |y BK  |k MAT 
952 |0 0  |1 0  |4 0  |6 515_076000000000000_HOF_1976  |7 0  |8 A  |9 202217  |a BIBGIM  |b BIBGIM  |d 2019-11-14  |i 1404180  |o 515.076 HOF 1976  |p 1404180  |r 2025-01-15  |w 2019-11-14  |y BK  |k COM